[Event "Mondiale Semilampo FIDE 2024"]
[Site "New York"]
[Date "28.12.2024"]
[Round "12.39"]
[White "Can, Isik"]
[Black "Tari, Aryan"]
[Result "1/2-1/2"]
[WhiteTitle "IM"]
[BlackTitle "GM"]
[WhiteElo "2499"]
[BlackElo "2629"]
[WhiteFideId "6383742"]
[BlackFideId "1510045"]
[EventDate "26.12.2024"]

1. e4 e5 2. Nc3 Nf6 3. f4 d5 4. fxe5 Nxe4 5. Qf3 Be6 6. Nxe4 dxe4 7. Qxe4 Nc6 8.
b3 Bd5 9. Qf4 Be7 10. Bb2 Bh4+ 11. Kd1 Bg5 12. Qf2 Qd7 13. Nh3 Bh6 14. Kc1 O-O-O
15. Bc3 Be4 16. Bc4 Rhe8 17. Re1 Bg6 18. Nf4 Qf5 19. Nd3 Qxf2 20. Nxf2 Bf4 21.
e6 f6 22. g3 Be5 23. Nd3 Bxc3 24. dxc3 Na5 25. e7 Rd6 26. Be6+ Kb8 27. Nf4 Rxe7
28. Kb2 Nc6 29. Rad1 Rxd1 30. Rxd1 Be4 31. Bd5 Bxd5 32. Rxd5 a5 33. c4 g6 34.
Kc3 f5 35. a3 b6 36. b4 axb4+ 37. axb4 Kb7 38. b5 Ne5 39. Rd8 Nf7 40. Nd5 Re4
41. Rd7 Rxc4+ 42. Kxc4 Ne5+ 43. Kd4 Nxd7 44. Ne7 Nf6 45. h3 Nh5 46. g4 Nf4 47.
gxf5 gxf5 48. h4 Ne2+ 49. Kd3 Nf4+ 50. Kd4 Ne2+ 51. Kd3 Nf4+ 52. Kd4 Ne2+ 1/2-1/2

[Event "Mondiale Semilampo FIDE 2024"]
[Site "New York"]
[Date "28.12.2024"]
[Round "12.40"]
[White "Svane, Rasmus"]
[Black "Karthik, Venkataraman"]
[Result "1/2-1/2"]
[WhiteTitle "GM"]
[BlackTitle "GM"]
[WhiteElo "2628"]
[BlackElo "2603"]
[WhiteFideId "4657101"]
[BlackFideId "25006479"]
[EventDate "26.12.2024"]

1. Nf3 Nf6 2. g3 g6 3. Bg2 Bg7 4. c4 O-O 5. O-O d6 6. d4 Bd7 7. Nc3 Re8 8. e4 e5
9. h3 a5 10. Be3 exd4 11. Nxd4 Na6 12. Qc2 Nc5 13. Rfe1 a4 14. Rad1 Qc8 15. Kh2
h6 16. f4 h5 17. Ndb5 Bxb5 18. cxb5 Nfd7 19. e5 h4 20. gxh4 Nb6 21. Bxc5 dxc5
22. h5 Qf5 23. Qxf5 gxf5 24. Bxb7 Rab8 25. Bc6 Red8 26. Kg3 Rd4 27. Kf3 Rbd8 28.
Rxd4 cxd4 29. Rd1 Bf8 30. Nd5 Bc5 31. Ne3 d3 32. b3 axb3 33. axb3 d2 34. Nxf5
Bb4 35. Ke2 Nd5 36. Bxd5 Rxd5 37. Ne3 Rxb5 38. Nc4 f6 39. Rg1+ Kh7 40. exf6 Rf5
41. Rg7+ Kh6 42. Nxd2 Rxf4 43. Rxc7 Rxf6 44. Ne4 Rb6 45. Kd3 Kxh5 46. Nc3 Bf8
47. Kc2 Kh4 48. Nd5 Rh6 49. Rc3 Rg6 50. Rf3 Bd6 51. Ne3 Be5 52. Kd3 Rb6 53. Ke4
Bb8 54. Nf5+ Kg5 55. Nd4 Rb7 56. Nc6 Bd6 57. Kd5 Ba3 58. Kc4 Kh4 59. Nd4 Rb4+
60. Kc3 Rb7 61. Nf5+ Kg5 62. Ne3 Bb4+ 63. Kc4 Bd6 64. Nd5 Kh4 65. Rf6 Be5 66.
Re6 Bb2 67. Re3 Bc1 68. Rd3 Ba3 69. Re3 Rb8 70. Ne7 Rb4+ 71. Kd5 Rb7 72. Nf5+
Kg5 73. Nd4 Kh4 74. Nf5+ Kg5 75. Nd4 Kh4 76. Rf3 Rd7+ 77. Kc4 Rc7+ 78. Kb5 Rb7+
79. Kc6 Rb8 80. Nb5 Be7 81. Rf7 Bg5 82. Rh7+ Kg3 83. Kc5 Be3+ 84. Kc4 Rc8+ 85.
Kd3 Bc5 86. Nc3 Bb4 87. Ne4+ Kf4 88. Rh4+ Ke5 89. Ke3 Rb8 90. Rh5+ Ke6 91. h4
Be7 92. Rh6+ Kf5 93. Ng3+ Ke5 94. Rh5+ Ke6 95. Rh6+ Ke5 96. Rh5+ Ke6 97. Ne4
Rxb3+ 98. Kf4 Rh3 99. Rh6+ Kf7 100. Rh7+ Ke6 101. h5 Rh4+ 102. Kf3 Rh3+ 103. Kf2
Rh4 104. Kf3 Rh3+ 105. Kg2 Rh4 106. Nd2 Bf6 107. Nf3 Ra4 108. Kg3 Kf5 109. Rf7
Rg4+ 110. Kf2 Ra4 111. Rf8 Ke6 112. Kg3 Ke7 113. Rb8 Kf7 114. Rb7+ Kg8 115. Rd7
Re4 116. Rb7 Re7 117. Rb6 Rf7 118. Kg4 Kh7 119. Rd6 Rf8 120. Rd7+ Kh6 121. Rd6
Kh7 122. Re6 Rf7 123. Nd2 Bd8 124. Ne4 Rg7+ 125. Kh3 Rd7 126. Ng3 Rd5 127. Kg4
Rg5+ 128. Kf4 Rg7 129. Nf5 Ra7 130. Rh6+ Kg8 131. Rc6 Kh7 132. Rc4 Bf6 133. Kg4
Rb7 134. Rc6 Bd8 135. Rd6 Be7 136. Rh6+ Kg8 137. Rg6+ Kf8 138. h6 Rb4+ 139. Kf3
Rb3+ 140. Kg2 Ba3 141. h7 Bb2 142. Rg8+ Kf7 143. Nd6+ Ke6 144. Ne4 Rb4 145. Nc5+
Kf7 146. Nd3 Rh4 147. Nxb2 Rxh7 148. Rb8 Rh4 149. Nd3 Rd4 150. Rb3 Ke6 151. Kf3
Kd5 152. Ke3 Re4+ 153. Kd2 Rh4 154. Rb5+ Kd6 155. Ke3 Rh3+ 156. Ke4 Rh4+ 157.
Nf4 Rh1 158. Kd4 Rd1+ 159. Nd3 Kc6 160. Rc5+ Kd6 161. Rh5 Ke6 162. Ke4 Kd6 163.
Rh6+ Ke7 164. Nf4 Re1+ 165. Kf5 Rf1 166. Ra6 Kd7 167. Ke5 Re1+ 168. Kd4 Rd1+
169. Nd3 Ke7 170. Ke4 Rd2 171. Nf4 Rd1 172. Nd5+ Kd7 173. Nf6+ Ke7 174. Ke5 Re1+
175. Ne4 Kd7 176. Rd6+ Kc7 177. Rd4 Rh1 178. Rc4+ Kb6 179. Nf6 Kb5 180. Rc3 Rh6
181. Ne4 Rh5+ 182. Kd4 Kb6 183. Nf6 Rh1 184. Nd5+ Kb7 185. Rc7+ Ka6 186. Rc6+
Kb7 187. Rb6+ Kc8 188. Kc5 Kd7 189. Rd6+ Ke8 190. Rf6 Kd7 191. Rd6+ Ke8 192.
Re6+ Kf7 193. Rf6+ Kg7 194. Rf3 Re1 195. Ne3 Kg6 196. Kd4 Ra1 197. Ke5 Ra5+ 198.
Nd5 Rb5 199. Ke6 Kg5 200. Rg3+ Kh4 201. Rg8 Kh3 202. Ke5 Ra5 203. Ke4 Ra4+ 204.
Kf3 Ra3+ 205. Ne3 Kh4 206. Rg1 1/2-1/2

[Event "Mondiale Semilampo FIDE 2024"]
[Site "New York"]
[Date "28.12.2024"]
[Round "12.41"]
[White "Amar, Elham"]
[Black "Indjic, Aleksandar"]
[Result "1/2-1/2"]
[WhiteTitle "GM"]
[BlackTitle "GM"]
[WhiteElo "2534"]
[BlackElo "2647"]
[WhiteFideId "1533533"]
[BlackFideId "911925"]
[EventDate "26.12.2024"]

1. e4 e5 2. Nf3 Nf6 3. d4 Nxe4 4. Bd3 d5 5. Nxe5 Nd7 6. Nc3 Nxc3 7. bxc3 Bd6 8.
Nxd7 Bxd7 9. O-O Qh4 10. Re1+ Kf8 11. g3 Qg4 12. Be2 Qg6 13. Bd3 Qg4 14. Be2 Qg6
15. Rb1 b6 16. Bd3 Qg4 17. Be2 Qg6 18. Bd3 Qg4 19. Be2 1/2-1/2

[Event "Mondiale Semilampo FIDE 2024"]
[Site "New York"]
[Date "28.12.2024"]
[Round "12.42"]
[White "Hong, Andrew"]
[Black "Le, Tuan Minh"]
[Result "0-1"]
[WhiteTitle "GM"]
[BlackTitle "GM"]
[WhiteElo "2572"]
[BlackElo "2598"]
[WhiteFideId "2099438"]
[BlackFideId "12401153"]
[EventDate "26.12.2024"]

1. d4 d5 2. Nc3 Nf6 3. Bf4 c5 4. e3 cxd4 5. exd4 a6 6. Bd3 Nc6 7. Nce2 Bg4 8. c3
e6 9. Qd2 Bh5 10. Ng3 Bg6 11. h4 Bd6 12. N1e2 Rc8 13. Bxd6 Qxd6 14. Nf4 e5 15.
dxe5 Qxe5+ 16. Kf1 O-O 17. Re1 Qd6 18. h5 Bxd3+ 19. Nxd3 Rfe8 20. Rxe8+ Rxe8 21.
Qg5 Qe6 22. h6 g6 23. Rh4 Ne4 24. Nxe4 dxe4 25. Nc5 Qd6 26. Qe3 f5 27. Kg1 Qe7
28. Rf4 Rd8 29. b4 Rd1+ 30. Kh2 Qg5 31. Qg3 Qxh6+ 32. Qh4 Qg7 33. Qg3 Qh6+ 34.
Qh4 Qxh4+ 35. Rxh4 Rd2 36. Kg1 Ne5 37. Kf1 Rxa2 38. Nxb7 Nd3 39. Nc5 Rxf2+ 40.
Kg1 Rd2 41. Rh3 Nf4 42. Rh4 e3 43. Rxf4 Rd1+ 44. Rf1 e2 45. Re1 Rxe1+ 46. Kf2
Rc1 47. Kxe2 Rxc3 48. Nxa6 Rb3 49. Kd2 Kf7 50. Kc2 Ra3 51. b5 Ra5 52. Nc7 Ra7
53. Nd5 Ke6 54. Nc3 Kd6 55. Kd2 Kc5 56. Ne2 Kxb5 57. Ke3 Kc5 58. Nf4 Ra3+ 59.
Kf2 Kd4 60. Ne6+ Ke5 61. Ng5 h6 62. Nf7+ Kf4 63. Nh8 Ra2+ 64. Kf1 g5 65. Nf7 h5
66. Nd6 h4 67. Kg1 g4 68. Kf1 Rd2 69. Nc4 Rd4 70. Na3 Kg3 71. Nc2 Rd1+ 72. Ke2
Rg1 73. Ne3 Rxg2+ 74. Kf1 Rf2+ 75. Kg1 h3 76. Kh1 Rf3 77. Nxf5+ Rxf5 0-1

[Event "Mondiale Semilampo FIDE 2024"]
[Site "New York"]
[Date "28.12.2024"]
[Round "12.43"]
[White "Lomasov, Semyon"]
[Black "Brodsky, David"]
[Result "1/2-1/2"]
[WhiteTitle "GM"]
[BlackTitle "GM"]
[WhiteElo "2559"]
[BlackElo "2538"]
[WhiteFideId "24164879"]
[BlackFideId "2073250"]
[EventDate "26.12.2024"]

1. e4 e5 2. Nf3 Nf6 3. Nxe5 d6 4. Nf3 Nxe4 5. c4 Nc6 6. Nc3 Nxc3 7. dxc3 g6 8.
Bg5 Be7 9. Bh6 Bf8 10. Bg5 Be7 11. Bh6 1/2-1/2

[Event "Mondiale Semilampo FIDE 2024"]
[Site "New York"]
[Date "28.12.2024"]
[Round "12.44"]
[White "Vokhidov, Shamsiddin"]
[Black "Khanin, Semen"]
[Result "0-1"]
[WhiteTitle "GM"]
[BlackTitle "GM"]
[WhiteElo "2681"]
[BlackElo "2568"]
[WhiteFideId "14204223"]
[BlackFideId "4111990"]
[EventDate "26.12.2024"]

1. e4 e5 2. Nf3 Nc6 3. Bc4 Nf6 4. Ng5 d5 5. exd5 Na5 6. Bb5+ c6 7. dxc6 bxc6 8.
Bd3 Nd5 9. h4 Qf6 10. Nc3 h6 11. Nxd5 cxd5 12. Bb5+ Nc6 13. Nf3 Bd7 14. Bxc6
Bxc6 15. d4 e4 16. Ne5 Bb5 17. a4 Ba6 18. Qg4 Rd8 19. Bd2 Bd6 20. Ba5 Bxe5 21.
Bxd8 Qxd8 22. dxe5 Qa5+ 23. c3 O-O 24. Qf4 Rb8 25. b4 Qc7 26. Rh3 Bd3 27. Rxd3
exd3 28. Qd4 Re8 29. f4 f6 30. Kd2 fxe5 31. Qxd5+ Kh8 32. Re1 Rd8 33. Qb5 Qf7
34. Qxe5 Qa2+ 35. Ke3 Qxa4 36. Qc7 Re8+ 37. Kf2 Qa2+ 0-1

[Event "Mondiale Semilampo FIDE 2024"]
[Site "New York"]
[Date "28.12.2024"]
[Round "12.45"]
[White "Lodici, Lorenzo"]
[Black "Nogerbek, Kazybek"]
[Result "1-0"]
[WhiteTitle "GM"]
[BlackTitle "GM"]
[WhiteElo "2564"]
[BlackElo "2527"]
[WhiteFideId "884189"]
[BlackFideId "13710427"]
[EventDate "26.12.2024"]

1. e4 e5 2. Nf3 Nc6 3. Bc4 Nf6 4. d3 Bc5 5. Nc3 a6 6. Bg5 h6 7. Bxf6 Qxf6 8. Nd5
Qd8 9. c3 Ba7 10. d4 d6 11. dxe5 Nxe5 12. Nxe5 dxe5 13. Qh5 O-O 14. Qxe5 Be6 15.
O-O-O Qg5+ 16. Qxg5 hxg5 17. Be2 Rad8 18. Nxc7 Bxa2 19. Kc2 Bb6 20. Nd5 Bxd5 21.
exd5 Rfe8 22. Bf3 Rd6 23. Rd2 f5 24. h3 a5 25. Ra1 g6 26. Kb3 Kg7 27. Ra4 Bc7
28. Rc4 Rb6+ 29. Ka4 Bf4 30. Rc2 Ra6 31. Rc5 Re1 32. Rb5 Ra1+ 33. Kb3 a4+ 34.
Kc4 b6 35. Re2 a3 36. bxa3 R6xa3 37. Rxb6 Rc1 38. Rb3 Ra7 39. Re6 Bd2 40. d6 Bf4
41. g3 Bd2 42. Bd5 Rd7 43. Re7+ Rxe7 44. dxe7 Re1 45. Kd3 Bxc3 46. Rxc3 Rxe7 47.
Rc6 Re5 48. Rc7+ Kf8 49. Bc4 Ra5 50. Rf7+ Ke8 51. Rf6 Ra3+ 52. Ke2 Rc3 53. Bd3 1-0

[Event "Mondiale Semilampo FIDE 2024"]
[Site "New York"]
[Date "28.12.2024"]
[Round "12.46"]
[White "Moroni, Luca Jr"]
[Black "Vakhidov, Jakhongir"]
[Result "0-1"]
[WhiteTitle "GM"]
[BlackTitle "GM"]
[WhiteElo "2550"]
[BlackElo "2546"]
[WhiteFideId "865834"]
[BlackFideId "14201801"]
[EventDate "26.12.2024"]

1. c4 g6 2. g3 c5 3. Bg2 Bg7 4. Nc3 Nc6 5. d3 Nf6 6. f4 O-O 7. e4 d6 8. Nf3 Bg4
9. h3 Bxf3 10. Qxf3 Nd4 11. Qf2 Nd7 12. Be3 a6 13. O-O b5 14. Rac1 Rb8 15. b3
Qa5 16. Qd2 e6 17. Kh2 f5 18. Rf2 Qb6 19. Re1 Rbe8 20. Ne2 b4 21. Ng1 a5 22. Nf3
Nxf3+ 23. Bxf3 Bc3 24. Qd1 Bxe1 25. Qxe1 Qd8 26. Qd2 Qf6 27. d4 cxd4 28. Bxd4 e5
29. Ba1 Qe7 30. Re2 fxe4 31. Bxe4 Nf6 32. Bc6 Rc8 33. fxe5 dxe5 34. Rxe5 Qf7 35.
Bb5 Rcd8 36. Qe2 Nd7 37. Re7 Qf2+ 38. Qxf2 Rxf2+ 39. Kg1 Rxa2 40. Bd4 Ne5 0-1

[Event "Mondiale Semilampo FIDE 2024"]
[Site "New York"]
[Date "28.12.2024"]
[Round "12.47"]
[White "Samadov, Read"]
[Black "Liang, Awonder"]
[Result "1-0"]
[WhiteTitle "IM"]
[BlackTitle "GM"]
[WhiteElo "2501"]
[BlackElo "2687"]
[WhiteFideId "13417444"]
[BlackFideId "2056437"]
[EventDate "26.12.2024"]

1. d4 Nf6 2. c4 g6 3. Nc3 Bg7 4. e4 d6 5. Nf3 O-O 6. Be2 b6 7. Qc2 a5 8. O-O Nc6
9. Rd1 Bg4 10. e5 Nb4 11. Qd2 Nd7 12. a3 Nc6 13. h3 Bf5 14. exd6 exd6 15. g4 Be6
16. d5 Nc5 17. Qf4 Ne5 18. dxe6 fxe6 19. Qg3 Qe7 20. Be3 Rf7 21. Ng5 Rff8 22.
Nge4 Nb3 23. Rab1 Nc6 24. Bf1 Rae8 25. Bg2 Ncd4 26. Nd2 Nc5 27. Kh1 Nc2 28. Be4
Be5 29. Qg2 Nxe3 30. fxe3 Qg7 31. Bc6 Re7 32. Nde4 Ref7 33. Rf1 Qh6 34. g5 Qg7
35. Nxc5 bxc5 36. Ne4 Rf5 37. Kg1 Kh8 38. b3 Qf7 39. Nd2 Qe7 40. h4 Bc3 41. Ne4
Be5 42. Ng3 R5f7 43. Rxf7 Rxf7 44. Rf1 Rxf1+ 45. Nxf1 h6 46. gxh6 1-0

[Event "Mondiale Semilampo FIDE 2024"]
[Site "New York"]
[Date "28.12.2024"]
[Round "12.48"]
[White "Oro, Faustino"]
[Black "Harsha, Bharathakoti"]
[Result "1-0"]
[WhiteTitle "IM"]
[BlackTitle "GM"]
[WhiteElo "2433"]
[BlackElo "2531"]
[WhiteFideId "20000197"]
[BlackFideId "5078776"]
[EventDate "26.12.2024"]

1. e4 e6 2. d4 d5 3. exd5 exd5 4. Nf3 Bd6 5. Bd3 Ne7 6. O-O O-O 7. Re1 c6 8. c3
Bf5 9. Bg5 f6 10. Bh4 Bxd3 11. Qxd3 Qd7 12. Bg3 Nf5 13. Bxd6 Nxd6 14. Na3 Na6
15. Nc2 Nc7 16. Ne3 Rae8 17. b3 Ne6 18. Qc2 Nf4 19. Nd2 Qf7 20. g3 Nh3+ 21. Kg2
Ng5 22. h4 Ne6 23. Nf3 Qh5 24. c4 Qxf3+ 25. Kxf3 Nxd4+ 26. Kg2 Nxc2 27. Nxc2
dxc4 28. Red1 Rd8 29. Ne3 cxb3 30. axb3 Nb5 31. h5 g6 32. h6 Kf7 33. g4 Rfe8 34.
Kg3 c5 35. Nc4 b6 36. f4 Rd4 37. g5 Red8 38. Re1 Rd3+ 39. Kg4 Rxb3 40. Rad1 Nd4
41. gxf6 Kxf6 42. Nd2 Rb2 43. Ne4+ Ke6 44. Nxc5+ Kf7 45. Ne4 Rb4 46. Ng5+ Kg8
47. Re7 Rc8 48. Rg7+ Kf8 49. Nxh7+ Ke8 50. Nf6+ Kf8 51. Rg8+ Kf7 52. Rxc8 Kxf6
53. h7 1-0

[Event "Mondiale Semilampo FIDE 2024"]
[Site "New York"]
[Date "28.12.2024"]
[Round "12.49"]
[White "Adewumi, Tanitoluwa"]
[Black "Kadric, Denis"]
[Result "1/2-1/2"]
[WhiteTitle "FM"]
[BlackTitle "GM"]
[WhiteElo "2349"]
[BlackElo "2544"]
[WhiteFideId "30966396"]
[BlackFideId "14403803"]
[EventDate "26.12.2024"]

1. d4 d6 2. e4 Nf6 3. Nc3 e5 4. Nf3 Nbd7 5. Bc4 Be7 6. O-O O-O 7. Re1 c6 8. a4
h6 9. h3 Re8 10. Be3 exd4 11. Bxd4 Nf8 12. a5 Be6 13. Bd3 N6d7 14. Nd2 Ng6 15.
Nc4 Qc7 16. Bf1 b5 17. axb6 axb6 18. Rxa8 Rxa8 19. Ne3 Bf8 20. g3 f6 21. Qh5 Ne7
22. Bc4 Bxc4 23. Nxc4 b5 24. Ne3 b4 25. Ne2 c5 26. Nd5 Qb7 27. Be3 Nxd5 28. exd5
Ne5 29. Nf4 g5 30. Nd3 Qf7 31. Qe2 Qxd5 32. Nxe5 fxe5 33. Rd1 Qe6 34. c3 b3 35.
c4 Ra4 36. Qd3 Rb4 37. Bd2 e4 38. Qe3 Rb7 39. Rc1 Bg7 40. Bc3 Rf7 41. Bxg7 Rf3
42. Qe2 Kxg7 43. Re1 Qf6 44. Qxe4 Rxf2 45. Qb7+ Kg6 46. Qe4+ Kg7 47. Qb7+ Qf7
48. Re7 1/2-1/2

[Event "Mondiale Semilampo FIDE 2024"]
[Site "New York"]
[Date "28.12.2024"]
[Round "12.50"]
[White "Andersen, Mads"]
[Black "Damjanovic, Vuk"]
[Result "1/2-1/2"]
[WhiteTitle "GM"]
[BlackTitle "IM"]
[WhiteElo "2592"]
[BlackElo "2368"]
[WhiteFideId "1413864"]
[BlackFideId "980021"]
[EventDate "26.12.2024"]

1. e4 d6 2. d4 Nf6 3. Nc3 e5 4. dxe5 dxe5 5. Qxd8+ Kxd8 6. Bc4 Ke8 7. f4 Bb4 8.
Bd3 Nbd7 9. Nf3 Nc5 10. Bd2 exf4 11. O-O-O Ne6 12. a3 Ba5 13. b4 Bb6 14. Nd5 Ng4
15. Rhf1 Ne3 16. Bxe3 fxe3 17. Rde1 c6 18. Nxb6 axb6 19. Kb2 Nf4 20. Ne5 f6 21.
Rxf4 fxe5 22. Rf3 Ke7 23. Bc4 Be6 24. Bxe6 Kxe6 25. Rexe3 Raf8 26. c3 Rf4 27. g3
Rxf3 28. Rxf3 Rd8 29. Kc2 b5 30. h4 Ra8 31. Kb3 Rd8 32. Kc2 b6 33. g4 Ra8 34.
Kb3 Rd8 35. Kc2 Ra8 36. Kb3 Rd8 1/2-1/2

[Event "Mondiale Semilampo FIDE 2024"]
[Site "New York"]
[Date "28.12.2024"]
[Round "12.51"]
[White "Grebnev, Aleksey"]
[Black "Isanzhulov, Arystan"]
[Result "1-0"]
[WhiteTitle "GM"]
[BlackTitle "IM"]
[WhiteElo "2555"]
[BlackElo "2395"]
[WhiteFideId "34189030"]
[BlackFideId "13711644"]
[EventDate "26.12.2024"]

1. d4 Nf6 2. c4 d6 3. Nf3 g6 4. Nc3 Bf5 5. Qb3 b6 6. h3 Nc6 7. g4 Bd7 8. e4 e5
9. dxe5 Nxe5 10. Nxe5 dxe5 11. Bg5 c6 12. O-O-O h6 13. Be3 g5 14. f3 Be7 15. Kb1
Qc7 16. Be2 Nh7 17. c5 Be6 18. Nd5 Qb8 19. Qc3 Bxc5 20. Bxc5 bxc5 21. Qxc5 cxd5
22. Bb5+ Kd8 23. Bc6 Qc7 24. Rxd5+ Bxd5 25. Qxd5+ Ke7 26. Bxa8 Rd8 27. Rc1 Qxc1+
28. Kxc1 Rxd5 29. Bxd5 Nf8 30. Kd2 Ng6 31. Bc4 Nf4 32. Bf1 Ne6 33. Kd3 Nd4 34.
Be2 Kd6 35. b4 Ne6 36. Kc4 Nd4 37. Bd1 Ne6 38. Kb5 Kc7 39. a4 Nf4 40. Ka6 Kb8
41. a5 Nxh3 42. b5 Nf4 43. b6 Ne6 44. bxa7+ Ka8 45. Kb6 Nd4 46. Ba4 f6 47. Bd7 1-0

[Event "Mondiale Semilampo FIDE 2024"]
[Site "New York"]
[Date "28.12.2024"]
[Round "12.52"]
[White "Bai, Adelard"]
[Black "Zemlyanskii, Ivan"]
[Result "0-1"]
[WhiteTitle "IM"]
[BlackTitle "GM"]
[WhiteElo "2393"]
[BlackElo "2543"]
[WhiteFideId "16301188"]
[BlackFideId "24249971"]
[EventDate "26.12.2024"]

1. d4 Nf6 2. c4 g6 3. Nc3 d5 4. cxd5 Nxd5 5. Bd2 Bg7 6. e4 Nxc3 7. Bxc3 O-O 8.
Qd2 c5 9. d5 e6 10. Bc4 Bxc3 11. bxc3 b5 12. Bxb5 exd5 13. exd5 a6 14. Be2 Nd7
15. Nf3 Nf6 16. O-O Qxd5 17. Rfd1 Qxd2 18. Nxd2 Be6 19. Nb3 Rfc8 20. Bf3 Rab8
21. Rd6 g5 22. h3 h5 23. Rxa6 g4 24. hxg4 hxg4 25. Bc6 Kg7 26. Nd2 Rb2 27. Nb3
Bc4 28. Rb6 Bd5 29. Bb7 Rd8 30. Ba6 g3 31. Rf1 Ng4 32. f3 Ne3 0-1

[Event "Mondiale Semilampo FIDE 2024"]
[Site "New York"]
[Date "28.12.2024"]
[Round "12.53"]
[White "Ohanyan, Emin"]
[Black "Onischuk, Alexander"]
[Result "1-0"]
[WhiteTitle "GM"]
[BlackTitle "GM"]
[WhiteElo "2514"]
[BlackElo "2640"]
[WhiteFideId "13312022"]
[BlackFideId "14101025"]
[EventDate "26.12.2024"]

1. e4 e5 2. Nf3 Nc6 3. Bc4 Nf6 4. d4 exd4 5. e5 d5 6. Bb5 Ne4 7. Nxd4 Bd7 8.
Bxc6 bxc6 9. O-O Bc5 10. f3 Ng5 11. f4 Ne4 12. Be3 Qe7 13. Nd2 f5 14. Nxe4 fxe4
15. Qd2 O-O 16. Nb3 Bb6 17. Qc3 Rf7 18. Nc5 Raf8 19. b4 Ra8 20. h3 a5 21. a3 Bc8
22. Rf2 Qh4 23. Kh2 Bg4 24. Bd4 Bf3 25. Qe3 Rxf4 26. g3 Qh5 27. Qxf4 Rf8 28. Qh4
Qg6 29. Qe7 Re8 30. Qd7 h5 31. e6 Bxc5 32. Qf7+ Qxf7 33. exf7+ Kxf7 34. Bxc5 g5
35. g4 Kg6 36. Rxf3 exf3 37. gxh5+ Kxh5 38. Kg3 Re2 39. c3 Rc2 40. Bd4 f2 41.
bxa5 Ra2 42. Rf1 Rxa3 43. Rxf2 c5 44. Bg7 Kg6 45. Be5 d4 46. Kg4 dxc3 47. Bxc7
Ra4+ 48. Kg3 Kh5 49. Rc2 Ra3 50. Bb6 c4 51. Bd8 Rb3 52. Kf3 Kh4 53. Ke4 Ra3 1-0

[Event "Mondiale Semilampo FIDE 2024"]
[Site "New York"]
[Date "28.12.2024"]
[Round "12.54"]
[White "Batsuren, Dambasuren"]
[Black "Petrosian, Tigran L."]
[Result "0-1"]
[WhiteTitle "GM"]
[BlackTitle "GM"]
[WhiteElo "2531"]
[BlackElo "2551"]
[WhiteFideId "4902920"]
[BlackFideId "13301616"]
[EventDate "26.12.2024"]

1. d4 d6 2. Nf3 Bg4 3. c4 Bxf3 4. exf3 g6 5. Nc3 Bg7 6. Be2 c6 7. d5 Nf6 8. O-O
O-O 9. Be3 Nbd7 10. Qb3 Qb8 11. f4 cxd5 12. cxd5 Rc8 13. Rac1 Nc5 14. Qa3 a6 15.
Rfd1 b5 16. Qa5 Qc7 17. Qxc7 Rxc7 18. b4 Ncd7 19. a4 bxa4 20. Nxa4 Rxc1 21. Bxc1
a5 22. bxa5 Rxa5 23. Nc3 Rc5 24. Bb2 Nb6 25. Bf3 Ne8 26. Rd3 Nc7 27. g3 Rc4 28.
Kf1 f5 29. Ke2 Rb4 30. Bc1 Rb3 31. Bd2 Bxc3 32. Rxc3 Rxc3 33. Bxc3 Nbxd5 34. Ba5
Kf7 35. Kd3 e6 36. h4 h5 37. Kc4 Ke7 38. Bg2 Kd7 39. Bf3 Nf6 40. Kd4 Ng4 41. Be1
Na6 42. Be2 Nc5 43. f3 Nf6 44. Bb4 Nb7 45. Bb5+ Ke7 46. Bc6 Nd8 47. Bb5 Nd5 48.
Ba3 Nc7 49. Ba4 Nb7 50. Bc6 Na5 51. Ba4 Nb3+ 52. Bxb3 Nb5+ 53. Kc4 Nxa3+ 54. Kb4
Nb1 55. Bd1 d5 56. Be2 Kd6 57. Kb3 Kc5 58. Kc2 Na3+ 59. Kc3 Nc4 60. Bf1 Ne3 61.
Bd3 Nc4 62. Bc2 Nd6 63. Ba4 Nb5+ 64. Kb3 Nc7 65. Kc3 Nb5+ 66. Kd3 Kb4 67. Bd1
Ka5 68. Bb3 Ka6 69. Ba4 Kb6 70. Bb3 Ka5 71. Bc2 Kb4 72. Bd1 Na7 73. Kd4 Nc6+ 74.
Kd3 Kc5 75. Ba4 Kd6 76. Kc3 Kd7 77. Kd3 Kc7 78. Kc3 Kd6 79. Kd3 e5 80. fxe5+
Nxe5+ 81. Ke3 Ke7 82. Bb3 d4+ 83. Kxd4 Nxf3+ 84. Ke3 Ne5 85. Ba4 Nc4+ 86. Kf4
Kf6 87. Bb5 Ne5 88. Be2 Nd7 89. Bc4 Nc5 90. Bd5 Nd3+ 91. Ke3 Nb4 92. Bc4 Nc6 93.
Kf4 Nd4 94. Ke3 Ne6 95. Bxe6 Kxe6 96. Kf4 Ke7 97. Kg5 Kf7 98. Kf4 Kf6 99. Ke3
Ke5 100. Kf3 f4 0-1

[Event "Mondiale Semilampo FIDE 2024"]
[Site "New York"]
[Date "28.12.2024"]
[Round "12.55"]
[White "Chanda, Sandipan"]
[Black "Blohberger, Felix"]
[Result "1-0"]
[WhiteTitle "GM"]
[BlackTitle "GM"]
[WhiteElo "2480"]
[BlackElo "2534"]
[WhiteFideId "5004225"]
[BlackFideId "1632051"]
[EventDate "26.12.2024"]

1. d4 Nf6 2. c4 e6 3. Nc3 d5 4. cxd5 exd5 5. Bg5 c6 6. Qc2 Be7 7. e3 O-O 8. Bd3
Nbd7 9. Nge2 Re8 10. O-O Nf8 11. f3 Ng6 12. Rae1 h6 13. Bxf6 Bxf6 14. Qd2 Nf8
15. Ng3 g6 16. f4 Bh4 17. f5 Bxg3 18. hxg3 g5 19. e4 dxe4 20. Bc4 Qa5 21. Qf2
Qb4 22. Nxe4 Rxe4 23. Bxf7+ Kxf7 24. Rxe4 Bd7 25. Qe2 Qd6 26. Qh5+ Kg8 27. f6
Be6 28. Qxh6 Kf7 29. Qh5+ Kg8 30. Qxg5+ Kf7 31. Qh5+ Kg8 32. Rh4 Qxg3 33. f7+ 1-0

[Event "Mondiale Semilampo FIDE 2024"]
[Site "New York"]
[Date "28.12.2024"]
[Round "12.56"]
[White "Suleymenov, Alisher"]
[Black "Donchenko, Alexander"]
[Result "1/2-1/2"]
[WhiteTitle "GM"]
[BlackTitle "GM"]
[WhiteElo "2500"]
[BlackElo "2618"]
[WhiteFideId "13707833"]
[BlackFideId "24603295"]
[EventDate "26.12.2024"]

1. d4 Nf6 2. c4 g6 3. Nc3 Bg7 4. e4 d6 5. Nf3 Bg4 6. Be2 Bxf3 7. Bxf3 e5 8. d5
h5 9. Qb3 b6 10. O-O Nbd7 11. Qc2 a5 12. a3 Nc5 13. Be3 Ng4 14. Bd2 a4 15. h3
Nf6 16. Be3 Nfd7 17. Rae1 Bh6 18. Bxh6 Rxh6 19. Qd2 Rh7 20. Bd1 g5 21. g3 Nf8
22. Kg2 Ng6 23. Rh1 f6 24. Bf3 Kf7 25. Nb5 Qd7 26. Qe2 Rah8 27. Reg1 Ke8 28. Nc3
Kd8 29. Qc2 Ke7 30. Bd1 Ra8 31. Qe2 Qe8 32. Kf1 Kd8 33. Ke1 Kc8 34. Kd2 Kb7 35.
Kc1 Qd7 36. Kb1 Ne7 37. Bc2 f5 38. f4 gxf4 39. gxf4 exf4 40. e5 f3 41. Qe3 dxe5
42. Qxe5 Re8 43. Rf1 Rf7 44. Qf4 Ng6 45. Qxf3 Ne5 46. Qf4 Ned3 47. Qd4 Ne5 48.
Rhg1 f4 49. Rg5 Qxh3 50. Rxf4 Nf3 51. Rxf3 Qxf3 52. Nxa4 Nb3 53. Qd1 Qxd1+ 54.
Bxd1 Rf1 55. Kc2 h4 56. Rh5 Nd4+ 57. Kd2 Rh1 58. Rh7 Kb8 59. c5 h3 60. cxb6 cxb6
61. Nxb6 Rg8 62. Nd7+ Kc8 63. Nb6+ Kb8 64. Nd7+ Kc8 65. Nb6+ Kd8 66. Ba4 Nf3+
67. Ke3 Ne5 68. Kd4 h2 69. Kxe5 Re1+ 70. Kd6 Rg6+ 71. Kc5 Rc1+ 72. Nc4 h1=Q 73.
Rxh1 Rxh1 74. Bc6 Rc1 75. a4 Rg2 76. b4 Rg4 77. Bb5 Kc7 78. a5 Rg5 79. Bc6 Rg4
80. d6+ Kd8 81. Bd5 Ra1 82. Ne5 Rc1+ 83. Kb5 Rh4 84. a6 Rh5 85. a7 Ra1 86. a8=Q+
Rxa8 87. Bxa8 Rxe5+ 88. Kc6 Re1 89. b5 Rc1+ 90. Kd5 Rd1+ 91. Kc5 Rc1+ 92. Kd5
Rd1+ 93. Ke6 Re1+ 94. Kd5 Rd1+ 95. Ke5 Re1+ 96. Be4 Kd7 97. b6 Rxe4+ 98. Kxe4
Kxd6 99. b7 Kc7 100. Kd5 Kxb7 101. Ke4 1/2-1/2